U.S. Cities with Food in their Names - Statistics

General Stats
  • This quiz has been taken 44 times
  • The average score is 7 of 18
Answer Stats
State Population Hint Answer % Correct
NY 289,349 City home to the Bills of the NFL Buffalo
98%
CA 139,911 Resides in a county of the same name Orange
73%
CA 124,016 The birthplace of Tom Hanks Concord
59%
NH 43,976 State Capital that shares it’s name with a variety of Grape Concord
59%
PA 13,858 Home to a Reese’s Cup Factory Hershey
51%
WI 75,644 Where Harry Houdini spent his childhood Appleton
49%
TX 111,026 Houston suburb who’s minor league baseball team is the Space Cowboys Sugar Land
49%
IN 99,757 Indianapolis suburb filled with roundabouts Carmel
46%
CA 3,220 Charming beach town on Monterey Peninsula Carmel-by-the-Sea
46%
TX 125,828 Suburb south of Houston Pearland
44%
IN 98,677 Suburb north of Indianapolis Fishers
32%
FL 11,354 Beach just south of Cape Canaveral Cocoa Beach
22%
MA 20,259 The oldest community on Cape Cod Sandwich
15%
NJ 69,566 NYC suburb near Newark East Orange
12%
CA 70,127 The birthplace of Kyle Gass and Randy Johnson Walnut Creek
12%
NC 746 Vacation town in the Outer Banks Duck
10%
FL 57,348 Miami suburb considered the “Butterfly Capital of the World” Coconut Creek
7%
TN 2,967 Founded by William Bean Bean Station
2%
No matching quizzes found
Score Distribution
Percent of People with Each Score
Percentile by Number Answered
Your Score History
You have not taken this quiz